Mort Subite - Édition Emoji - Statistiques

Statistiques générales
  • Ce quiz a été pris 336 fois
  • Le résultat moyen est 29 sur 97
Answers on the Grid
Answers color-coded by a green-red scale on the quiz's grid according to % correct below.
☺️
😀
😁
😂
😃
😄
😅
😆
😇
😉
😊
😋
😌
😍
😎
😏
😏
😐
😑
😒
😓
😔
😕
😖
😗
😘
😙
😚
😛
😜
😝
😞
😟
😢
😣
😤
😥
😦
😧
😨
😩
😪
😬
😭
😮
😮‍💨
😰
😱
😲
😳
😴
😵
😵‍💫
😶
😶‍🌫️
😷
🙁
🙂
🙂‍↔️
🙂‍↕️
🙃
🙄
🤐
🤑
🤒
🤓
🤔
🤕
🤗
🤠
🤢
🤣
🤤
🤥
🤧
🤨
🤩
🤪
🤫
🤭
🤮
🤯
🥰
🥱
🥲
🥳
🥴
🥵
🥶
🥸
🥹
🥺
🧐
🫠
🫡
🫢
🫣
🫤
🫥
🫨
 
Statistiques - réponses
Réponse % Correct
😍
51%
☺️
50%
😇
45%
😎
44%
😕
44%
😁
43%
😟
43%
😢
43%
😀
42%
😂
42%
😋
42%
😐
42%
😆
41%
😌
41%
😊
40%
😏
39%
😔
39%
😖
39%
😦
39%
😅
38%
😉
38%
😑
38%
😓
38%
😚
38%
😥
38%
😬
38%
😰
38%
😃
37%
😧
37%
😭
37%
😱
37%
😙
36%
😛
36%
😏
35%
😘
35%
😜
35%
😄
34%
😗
34%
😞
34%
😒
33%
😣
33%
😨
33%
😪
33%
😵‍💫
33%
😤
32%
😲
32%
😝
31%
😮
31%
😶
31%
😮‍💨
30%
😳
30%
😩
29%
😵
29%
😶‍🌫️
29%
😴
27%
🙁
25%
🥶
25%
🥺
25%
🫥
25%
😷
23%
🙂‍↔️
23%
🫢
23%
🙂‍↕️
22%
🤓
22%
🥹
22%
🫣
22%
🫨
22%
🙄
21%
🤔
21%
🤣
21%
🤩
21%
🤪
21%
🥴
21%
🤐
20%
🥸
20%
🫠
20%
🫤
20%
🤑
19%
🤢
19%
🤯
19%
🧐
19%
🫡
19%
🤥
18%
🤮
18%
🥰
18%
🤒
17%
🤕
17%
🤤
17%
🤧
17%
🥳
17%
🤠
16%
🤨
15%
🤫
15%
🙃
14%
🤗
14%
🥱
14%
🥲
13%
Aucun quiz correspondant
Distribution des résultats
% des personnes avec chaque résultat
Percentile par nombre de réponses
Votre historique - résultats
Vous n’avez pas pris ce quiz